| 000 | 00453nam a2200157Ia 4500 | ||
|---|---|---|---|
| 999 |
_c26840 _d26840 |
||
| 003 | OSt | ||
| 005 | 20201215155948.0 | ||
| 008 | 201202b ||||| |||| 00| 0 eng d | ||
| 040 | _coclc | ||
| 082 |
_a894.8124 _bACH/U |
||
| 100 |
_93252 _aAchuthamenon, C |
||
| 245 |
_aUpanyasamalika / _cC Achuthamenon |
||
| 260 |
_aCalicut: _bPoorna publication, _c1988. |
||
| 300 | _a179p | ||
| 942 |
_2ddc _cBK _h894.8124 _iACH/U _k894.8124 _mACH/U |
||